000
00314 a2200109 4500
020
_a
9786050507799
100
_a
Bozdoğan, Abdulkadir
245
_a
Konkordato ve konkordato alacakları toplantısı (uygulamalı) /
250
_a
Genişletilmiş 2. baskı
260
_c
2021
264
_a
Yetkin Yayınları,
_c
2021
999
_c
200449940
_d
68152